Top 10 World's Largest Coal Producing Countries - Statistics

General Stats
  • This quiz has been taken 45 times
  • The average score is 8 of 10
Answer Stats
Million Tonnes Country % Correct
4780 China
100%
464.6 USA
100%
1085.1 India
98%
427.2 Russia
95%
836.1 Indonesia
88%
462.9 Australia
85%
91.9 Germany
73%
112.6 Kazakhstan
68%
235 South Africa
68%
106.5 Mongolia
38%
No matching quizzes found
Score Distribution
Percent of People with Each Score
Percentile by Number Answered
Your Score History
You have not taken this quiz